[Event "74. Deutsche Meisterschaft"]
[Site "Saarbruecken"]
[Date "2002.11.28"]
[Round "7"]
[White "Naiditsch, Arkadij"]
[Black "Luther, Thomas"]
[Result "1-0"]
[WhiteElo "2586"]
[BlackElo "2538"]
[PlyCount "83"]

1. e4 Nf6 2. e5 Nd5 3. d4 d6 4. c4 Nb6 5. exd6 exd6 6. Nc3 Nc6 7. Nf3 Be7 8. h3
O-O 9. Bd3 Bf6 10. O-O Nxd4 11. Nxd4 Bxd4 12. Bxh7+ Kxh7 13. Qxd4 Re8 14. b3
Re6 15. f4 f5 16. Bb2 Qe7 17. a4 a5 18. Rf3 Bd7 19. Rg3 Rg6 20. Rxg6 Kxg6 21.
Kh2 Bc6 22. Nb5 Rg8 23. Qf2 Re8 24. Bc3 Bxb5 25. Qg3+ Kh7 26. axb5 Qf7 27. Rxa5
Nd7 28. b6 Nc5 29. bxc7 Qxc7 30. Qg5 Qf7 31. Bxg7 Qg6 32. Bf6 Qxg5 33. Bxg5 Re2
34. b4 Nd3 35. Rxf5 Ne1 36. Kg3 Kg7 37. Kg4 Nxg2 38. Kh5 Re8 39. Bh6+ Kh8 40.
Rf7 Ne3 41. Rxb7 Nxc4 42. Bg5 1-0

[Event "74. Deutsche Meisterschaft"]
[Site "Saarbruecken"]
[Date "2002.11.28"]
[Round "7"]
[White "Graf, Alexander"]
[Black "Gustafsson, Jan"]
[Result "1/2-1/2"]
[WhiteElo "2635"]
[BlackElo "2554"]
[PlyCount "61"]

1. d4 Nf6 2. c4 g6 3. Nc3 d5 4. cxd5 Nxd5 5. e4 Nxc3 6. bxc3 Bg7 7. Be3 c5 8.
Qd2 cxd4 9. cxd4 Nc6 10. Bb5 O-O 11. Ne2 Bd7 12. Rb1 e6 13. h4 a6 14. Bxc6 Bxc6
15. f3 h5 16. Kf2 Bb5 17. Nc3 Qd7 18. e5 Bc6 19. Bg5 f6 20. exf6 Bxf6 21. Bxf6
Rxf6 22. Rhd1 Raf8 23. d5 exd5 24. Nxd5 Qxd5 25. Qxd5+ Bxd5 26. Rxd5 R8f7 27.
Rb4 b5 28. a4 Rf4 29. Rxf4 Rxf4 30. axb5 axb5 31. Rxb5 1/2-1/2

[Event "74. Deutsche Meisterschaft"]
[Site "Saarbruecken"]
[Date "2002.11.28"]
[Round "7"]
[White "Handke, Florian"]
[Black "Jussupov, Artur"]
[Result "1/2-1/2"]
[WhiteElo "2504"]
[BlackElo "2621"]
[PlyCount "52"]

1. e4 e6 2. d4 d5 3. Nd2 Nf6 4. e5 Nfd7 5. Bd3 c5 6. c3 b6 7. Nh3 Ba6 8. Bxa6
Nxa6 9. O-O Nc7 10. Qg4 f5 11. exf6 Nxf6 12. Qe2 Bd6 13. Nf3 O-O 14. Bf4 Ne4
15. Bxd6 Nxd6 16. Ne5 Nf5 17. Rad1 Rc8 18. a4 Qe8 19. b3 cxd4 20. cxd4 b5 21.
a5 b4 22. Qd2 Nb5 23. Qxb4 Rb8 24. Qc5 Rc8 25. Qb4 Rb8 26. Qc5 Rc8 1/2-1/2

[Event "74. Deutsche Meisterschaft"]
[Site "Saarbruecken"]
[Date "2002.11.28"]
[Round "7"]
[White "Dautov, Rustem"]
[Black "Gutman, Lev"]
[Result "0-1"]
[WhiteElo "2617"]
[BlackElo "2476"]
[PlyCount "104"]

1. d4 Nf6 2. c4 g6 3. g3 Bg7 4. Bg2 d5 5. cxd5 Nxd5 6. e4 Nb4 7. a3 N4c6 8. d5
Nd4 9. Ne2 Nxe2 10. Qxe2 b6 11. Be3 Ba6 12. Qc2 O-O 13. Nc3 c5 14. f4 Bd4 15.
Qd2 e5 16. dxe6 Nc6 17. exf7+ Rxf7 18. O-O-O Na5 19. Qf2 Qe8 20. Nd5 Bc4 21.
Bxd4 cxd4 22. Kb1 d3 23. b4 Rb8 24. e5 Qxe5 25. fxe5 Rxf2 26. Nf6+ Kg7 27. Bd5
Rd8 28. bxa5 Bxd5 29. Nxd5 Rxd5 30. axb6 axb6 31. Rhe1 Re2 32. h4 Rdxe5 33. Rf1
R5e3 34. g4 Rh2 35. Rh1 Rxh1 36. Rxh1 Kf6 37. Kc1 Ke5 38. Kd2 Kd4 39. Rb1 Re2+
40. Kd1 Rh2 41. Rxb6 Rxh4 42. a4 Rh1+ 43. Kd2 Rh2+ 44. Kd1 Ra2 45. Rb7 Ke3 46.
Re7+ Kf4 47. Rxh7 Rxa4 48. g5 Ra5 49. Rh4+ Ke3 50. Rh3+ Kd4 51. Kd2 Ra2+ 52.
Kd1 Kc3 0-1

[Event "74. Deutsche Meisterschaft"]
[Site "Saarbruecken"]
[Date "2002.11.28"]
[Round "7"]
[White "Bischoff, Klaus"]
[Black "Kritz, Leonid"]
[Result "1/2-1/2"]
[WhiteElo "2554"]
[BlackElo "2476"]
[PlyCount "57"]

1. Nf3 Nf6 2. c4 e6 3. g3 d5 4. d4 dxc4 5. Qa4+ Nbd7 6. Qxc4 c5 7. Bg2 Nb6 8.
Qd3 cxd4 9. Qxd4 Qxd4 10. Nxd4 Bb4+ 11. Bd2 Bxd2+ 12. Nxd2 Ke7 13. O-O Rb8 14.
N2b3 Rd8 15. Rac1 Ne8 16. Rfd1 e5 17. Nb5 Rxd1+ 18. Rxd1 a6 19. Nc3 Nc4 20. Nc5
Nc7 21. b3 Nd6 22. N3a4 b5 23. Nb2 Ne6 24. Rc1 Nxc5 25. Rxc5 e4 26. Bxe4 Nxe4
27. Re5+ Kf8 28. Rxe4 Bb7 29. Rd4 1/2-1/2

[Event "74. Deutsche Meisterschaft"]
[Site "Saarbruecken"]
[Date "2002.11.28"]
[Round "7"]
[White "Schmidt, Harald"]
[Black "Gisbrecht, Ewgeni"]
[Result "0-1"]
[WhiteElo "2332"]
[BlackElo "2414"]
[PlyCount "102"]

1. c4 c6 2. Nf3 d5 3. e3 Nf6 4. Nc3 a6 5. a4 e6 6. Be2 Be7 7. O-O O-O 8. b3 c5
9. Ba3 Nc6 10. d4 cxd4 11. Bxe7 Qxe7 12. Nxd4 Nxd4 13. Qxd4 dxc4 14. Bxc4 Bd7
15. Rfd1 Bc6 16. a5 Rfd8 17. Qe5 h6 18. h3 Qb4 19. Ne2 Bd5 20. Ra4 Qe7 21. Bxd5
Rxd5 22. Rxd5 Nxd5 23. Rc4 Rd8 24. Ng3 Qf6 25. Qxf6 Nxf6 26. e4 Rd1+ 27. Kh2
Ra1 28. b4 Rb1 29. f3 g5 30. Ne2 Rb2 31. Nc1 Nh5 32. Nd3 Rd2 33. Rc3 Kg7 34.
Nc5 Nf4 35. Nxb7 Rxg2+ 36. Kh1 Rb2 37. Rc4 Nd3 38. Nd8 Ne5 39. Rc3 Rxb4 40. Nc6
Rb5 41. Nxe5 Rxe5 42. Ra3 Kg6 43. Kg2 h5 44. Kf2 Rb5 45. Ra2 Kf6 46. Kg2 h4 47.
f4 gxf4 48. Kf3 Ke5 49. Ra4 Rb3+ 50. Kf2 Rxh3 51. Rc4 Ra3 0-1

[Event "74. Deutsche Meisterschaft"]
[Site "Saarbruecken"]
[Date "2002.11.28"]
[Round "7"]
[White "Holzhaeuer, Mathias"]
[Black "Becking, Stephan"]
[Result "1/2-1/2"]
[WhiteElo "2407"]
[BlackElo "2315"]
[PlyCount "104"]

1. e4 e6 2. d4 d5 3. Nc3 Nf6 4. e5 Nfd7 5. Nce2 c5 6. c3 Nc6 7. f4 cxd4 8. cxd4
Bb4+ 9. Nc3 O-O 10. Nf3 f5 11. a3 Be7 12. h4 Nb6 13. Bd3 Bd7 14. Ne2 Rc8 15.
Bb1 Na5 16. b3 Bb5 17. Bd2 Nd7 18. Bb4 Bxb4+ 19. axb4 Bxe2 20. Kxe2 Nc6 21. b5
Nb4 22. Qd2 a5 23. bxa6 Nxa6 24. Bd3 Qb6 25. b4 Nc7 26. Ke3 Nb5 27. Rhc1 Rc6
28. Qb2 Rfc8 29. Rc5 Nxd4 30. Qxd4 Nxc5 31. bxc5 Rxc5 32. Rb1 Qc6 33. Kf2 b5
34. Kg3 h6 35. Rb3 Qe8 36. Kf2 R8c7 37. Qb2 Ra7 38. Bxb5 Qa8 39. Be2 Rc8 40.
Rc3 Rxc3 41. Qxc3 Ra4 42. Kg3 Ra2 43. Kf2 Qa7+ 44. Qe3 Qxe3+ 45. Kxe3 g6 46. h5
Ra3+ 47. Kf2 Ra4 48. g3 gxh5 49. Nh4 Ra2 50. Kf1 Ra1+ 51. Kf2 Ra2 52. Kf1 Ra1+
1/2-1/2

[Event "74. Deutsche Meisterschaft"]
[Site "Saarbruecken"]
[Date "2002.11.28"]
[Round "7"]
[White "Breutigam, Martin"]
[Black "Tischbierek, Raj"]
[Result "1/2-1/2"]
[WhiteElo "2398"]
[BlackElo "2523"]
[PlyCount "84"]

1. d4 d5 2. c4 c6 3. Nf3 Nf6 4. e3 Bf5 5. Nc3 e6 6. Nh4 Bg6 7. Qb3 Qc7 8. Nxg6
hxg6 9. Bd2 Nbd7 10. g3 Be7 11. Bg2 Nb6 12. cxd5 exd5 13. O-O Nc4 14. Rad1 Nxd2
15. Rxd2 O-O 16. Re2 Qb6 17. Qc2 Rfe8 18. Rb1 a5 19. a3 Qa6 20. Rbe1 Red8 21.
h4 Qb6 22. Bf3 Qc7 23. Kg2 Qd7 24. Qb3 Bf8 25. Rc1 Rab8 26. Rec2 Re8 27. Re1
Qf5 28. Rcc1 Bd6 29. Qb6 Nd7 30. Qb3 Qe6 31. Qd1 f5 32. Rb1 Qf6 33. Rh1 Nf8 34.
Qd2 Ne6 35. Rbf1 g5 36. hxg5 Nxg5 37. Qd1 Kf7 38. Rh4 Rh8 39. Rfh1 g6 40. Qb3
Rxh4 41. Rxh4 Kg7 42. Qb6 Qd8 1/2-1/2

[Event "74. Deutsche Meisterschaft"]
[Site "Saarbruecken"]
[Date "2002.11.28"]
[Round "7"]
[White "Kersten, Uwe"]
[Black "Mueller, Karsten Dr."]
[Result "0-1"]
[WhiteElo "2331"]
[BlackElo "2518"]
[PlyCount "70"]

1. e4 c5 2. Nf3 e6 3. c3 d5 4. exd5 exd5 5. d4 Nc6 6. Bb5 Bd6 7. O-O Nge7 8.
dxc5 Bxc5 9. Nbd2 O-O 10. Nb3 Bd6 11. Bd3 h6 12. h3 Nf5 13. Re1 Qf6 14. Bc2 Bd7
15. Qd3 Rfe8 16. Be3 Ne5 17. Nxe5 Qxe5 18. f4 Qf6 19. Bd4 Qh4 20. Be5 f6 21. g3
Qxh3 22. Bxd6 Bc6 23. Nd4 Nxd6 24. Qg6 Rxe1+ 25. Rxe1 Re8 26. Rxe8+ Bxe8 27.
Qh7+ Kf8 28. Qd3 Ne4 29. Ne2 Bc6 30. Bb3 Qh1+ 31. Kxh1 Nf2+ 32. Kg1 Nxd3 33.
Nd4 Nxb2 34. Ne6+ Kf7 35. Nc7 Nc4 0-1

[Event "74. Deutsche Meisterschaft"]
[Site "Saarbruecken"]
[Date "2002.11.28"]
[Round "7"]
[White "Kalinitschew, Serge"]
[Black "Schunk, Thomas"]
[Result "1-0"]
[WhiteElo "2485"]
[BlackElo "2294"]
[PlyCount "79"]

1. d4 Nf6 2. Nf3 b6 3. c4 Bb7 4. Nc3 e6 5. a3 Be7 6. d5 O-O 7. e4 d6 8. Bd3 e5
9. O-O Ne8 10. b4 a5 11. Bd2 Nd7 12. Nb5 c6 13. Nc3 g6 14. Qb1 axb4 15. axb4
Ng7 16. dxc6 Bxc6 17. Nd5 Bxd5 18. cxd5 Rxa1 19. Qxa1 f5 20. Bh6 fxe4 21. Bxe4
Qa8 22. Qb1 Rf7 23. Rc1 Nf5 24. Bd2 Nf8 25. Nxe5 dxe5 26. d6 Qa7 27. Rc7 Qb8
28. Bd5 Kg7 29. Qe1 Kh8 30. Bxf7 Bxd6 31. Rc1 Kg7 32. Bd5 Nd7 33. Bc3 Nf6 34.
Bb3 h5 35. h3 b5 36. Rd1 Bc7 37. Bc2 Nh4 38. Be4 Qa7 39. g3 Bb6 40. Bxe5 1-0

[Event "74. Deutsche Meisterschaft"]
[Site "Saarbruecken"]
[Date "2002.11.28"]
[Round "7"]
[White "Zeller, Frank"]
[Black "Langrock, Hannes"]
[Result "1-0"]
[WhiteElo "2454"]
[BlackElo "2265"]
[PlyCount "65"]

1. e4 c5 2. Nf3 d6 3. d4 cxd4 4. Nxd4 Nf6 5. Nc3 g6 6. Be2 Bg7 7. O-O Nc6 8.
Nb3 O-O 9. Re1 Be6 10. Bf1 a5 11. a4 Bxb3 12. cxb3 e6 13. Bg5 h6 14. Bh4 Qb6
15. Bc4 Rfd8 16. Rc1 Rd7 17. Rc2 Rad8 18. Rd2 Kh8 19. h3 g5 20. Bg3 d5 21. exd5
Nxd5 22. Nxd5 exd5 23. Bd3 Qb4 24. Rde2 Re7 25. Rxe7 Nxe7 26. f4 gxf4 27. Bh4
Qd4+ 28. Kh1 Bf6 29. Qh5 Kg7 30. Rxe7 Bxe7 31. Bxe7 Re8 32. Qg4+ Kh8 33. Qf5
1-0

[Event "74. Deutsche Meisterschaft"]
[Site "Saarbruecken"]
[Date "2002.11.28"]
[Round "7"]
[White "Singer, Christoph"]
[Black "Seger, Ruediger"]
[Result "0-1"]
[WhiteElo "2341"]
[BlackElo "2406"]
[PlyCount "70"]

1. d4 Nf6 2. Bf4 g6 3. e3 Bg7 4. Nf3 O-O 5. Be2 c5 6. c3 d6 7. h3 Nc6 8. Nbd2
cxd4 9. exd4 e5 10. dxe5 dxe5 11. Nxe5 Nd5 12. Nxc6 bxc6 13. Bh2 Re8 14. O-O
Bxc3 15. Nc4 Bxb2 16. Rb1 Bg7 17. Bf3 Be6 18. Nd6 Re7 19. Qa4 Nc3 20. Qxc6 Nxb1
21. Qxa8 Qxa8 22. Bxa8 Bxa2 23. Bd5 Bxd5 24. Rxb1 h6 25. Bf4 Re2 26. Be3 a6 27.
Kf1 Ra2 28. Ne8 Bc4+ 29. Kg1 Be5 30. Bxh6 Bb5 31. Re1 f6 32. f4 Bd4+ 33. Kh2
Bc6 34. Re6 Rxg2+ 35. Kh1 Rc2+ 0-1

[Event "74. Deutsche Meisterschaft"]
[Site "Saarbruecken"]
[Date "2002.11.28"]
[Round "7"]
[White "Baramidze, David"]
[Black "Barmbold, Jens"]
[Result "1-0"]
[WhiteElo "2390"]
[BlackElo "2190"]
[PlyCount "61"]

1. e4 c5 2. Nf3 d6 3. d4 cxd4 4. Nxd4 Nf6 5. Nc3 a6 6. Be3 Ng4 7. Bc1 Nf6 8. f3
e6 9. Be3 b5 10. g4 Bb7 11. Qd2 Nfd7 12. Qf2 Ne5 13. O-O-O Nbd7 14. Kb1 Rc8 15.
Nce2 Qc7 16. Ng3 d5 17. exd5 Bxd5 18. Rg1 Bc5 19. Bg2 Nc4 20. f4 Nxe3 21. Qxe3
Nf6 22. g5 Bxd4 23. Qxd4 Qxc2+ 24. Ka1 Rc4 25. Qe5 O-O 26. gxf6 Rfc8 27. Ne2
Be4 28. Bxe4 Rxe4 29. Rxg7+ Kh8 30. Rxh7+ Kxh7 31. Qh5+ 1-0

[Event "74. Deutsche Meisterschaft"]
[Site "Saarbruecken"]
[Date "2002.11.28"]
[Round "7"]
[White "Mayer, Frank"]
[Black "Stewart, Neil"]
[Result "1-0"]
[WhiteElo "2288"]
[BlackElo "2388"]
[PlyCount "83"]

1. c4 f5 2. g3 Nf6 3. Bg2 g6 4. Nc3 Bg7 5. Nf3 O-O 6. O-O d6 7. d3 e5 8. Rb1
Nc6 9. b4 h6 10. b5 Ne7 11. c5 Be6 12. cxd6 cxd6 13. e4 f4 14. d4 Qc7 15. dxe5
dxe5 16. Ba3 Rfd8 17. Qa4 g5 18. Rfc1 Ng6 19. Nd5 Qf7 20. Nc7 Bxa2 21. Nxa8
Bxb1 22. Rxb1 Qa2 23. Rc1 Bf8 24. Bf1 Qxa3 25. Qc4+ Kg7 26. Nc7 Rd6 27. Rc3 Qa1
28. Rc1 Qa3 29. Rc3 Qa5 30. Rd3 g4 31. Rxd6 Bxd6 32. Ne6+ Kh7 33. Nh4 Nxh4 34.
gxh4 Qb6 35. Ng5+ Kh8 36. Qf7 Bc5 37. Ne6 Bxf2+ 38. Kh1 Nh5 39. Qe8+ Kh7 40.
Qf7+ Kh8 41. Nf8 Ng7 42. Bc4 1-0

[Event "74. Deutsche Meisterschaft"]
[Site "Saarbruecken"]
[Date "2002.11.28"]
[Round "7"]
[White "Scherer, Max"]
[Black "Schunk, Eduard"]
[Result "0-1"]
[WhiteElo "2339"]
[BlackElo "2274"]
[PlyCount "84"]

1. b3 d6 2. Bb2 Nd7 3. g3 Ngf6 4. Bg2 g6 5. e4 e5 6. Ne2 Bg7 7. c3 O-O 8. d4
Qe7 9. Qc2 Re8 10. Nd2 d5 11. exd5 exd4 12. Nc4 Nc5 13. cxd4 Bf5 14. Qd2 Nd3+
15. Kf1 Ng4 16. Ba3 Qf6 17. f3 Ngf2 18. Ne5 Qa6 19. g4 Bc8 20. Nxd3 Nxd3 21.
Bb2 Bd7 22. Kg1 Nxb2 23. Bf1 Bb5 24. Ng3 Bxf1 25. Rxf1 Qd3 26. Qxd3 Nxd3 27.
Rd1 Nf4 28. Kf2 Re7 29. d6 cxd6 30. h4 Rae8 31. h5 d5 32. Rd2 Bf6 33. hxg6 hxg6
34. a3 Kg7 35. b4 Rh8 36. Rxh8 Kxh8 37. a4 Bh4 38. Rc2 Kg7 39. b5 Nd3+ 40. Kg2
Ne1+ 41. Kh3 Nxc2 42. Kxh4 Nxd4 0-1

[Event "74. Deutsche Meisterschaft"]
[Site "Saarbruecken"]
[Date "2002.11.28"]
[Round "7"]
[White "Tabatt, Hendrik"]
[Black "Vatter, Hans-Joachim"]
[Result "1/2-1/2"]
[WhiteElo "2222"]
[BlackElo "2320"]
[PlyCount "86"]

1. d4 d6 2. Nf3 Nf6 3. Bg5 Nbd7 4. Nc3 c6 5. e4 e5 6. Bc4 Be7 7. a4 O-O 8. Bb3
exd4 9. Nxd4 Nxe4 10. Nxe4 Bxg5 11. Nxd6 Nc5 12. Nxc8 Re8+ 13. Kf1 Rxc8 14. c3
Bf6 15. Bxf7+ Kxf7 16. Qh5+ Kg8 17. Qxc5 Bxd4 18. cxd4 Qh4 19. Rd1 Rcd8 20. Qb4
Rd5 21. f3 a5 22. Qxb7 Rxd4 23. Qb3+ Kh8 24. g3 Qh3+ 25. Kf2 Rb4 26. Qc3 Reb8
27. Rd2 Qh6 28. Qe3 Qxe3+ 29. Kxe3 Rxb2 30. Rxb2 Rxb2 31. Rc1 Rb4 32. Rxc6 Kg8
33. Rc7 Rxa4 34. h4 Kf8 35. Ra7 Kg8 36. h5 h6 37. f4 Ra3+ 38. Kf2 Kf8 39. Kg2
Kg8 40. Kh3 Kf8 41. Kh4 Kg8 42. g4 Rf3 43. Rxa5 Rxf4 1/2-1/2

[Event "74. Deutsche Meisterschaft"]
[Site "Saarbruecken"]
[Date "2002.11.28"]
[Round "7"]
[White "Bastian, Herbert"]
[Black "Bischoff, Dieter"]
[Result "1-0"]
[WhiteElo "2376"]
[BlackElo "2233"]
[PlyCount "105"]

1. e4 c5 2. Nc3 Nc6 3. g3 g6 4. d3 d6 5. Bg2 Bg7 6. f4 e6 7. Nf3 Nge7 8. O-O
O-O 9. Be3 b6 10. Rb1 Nd4 11. Ne2 Nxf3+ 12. Bxf3 Bb7 13. a3 Rc8 14. c4 Qd7 15.
b4 f5 16. Qb3 Kh8 17. Bg2 Rfe8 18. Rfd1 Bc6 19. Nc3 Ba8 20. Rd2 Nc6 21. Ne2 Nd4
22. Bxd4 cxd4 23. Re1 fxe4 24. dxe4 e5 25. Qd3 Rc7 26. Rc2 Bc6 27. b5 Bb7 28.
a4 Rec8 29. Rec1 Qe6 30. h4 Re8 31. Kh2 Qe7 32. h5 exf4 33. Nxf4 Bxe4 34. Bxe4
Qxe4 35. Re2 Qa8 36. hxg6 Be5 37. Rce1 Rg8 38. Rxe5 dxe5 39. Rxe5 Qd8 40. Rd5
Qf6 41. Rf5 Qd6 42. Rh5 Rcg7 43. Rd5 Qf6 44. Rf5 Qd6 45. Nh5 Rxg6 46. Rd5 Qf8
47. Qxd4+ R6g7 48. Nxg7 Qxg7 49. Qxg7+ Kxg7 50. Rg5+ Kf7 51. Rxg8 Kxg8 52. c5
bxc5 53. a5 1-0

[Event "74. Deutsche Meisterschaft"]
[Site "Saarbruecken"]
[Date "2002.11.28"]
[Round "7"]
[White "Bischof, Detlef"]
[Black "Lentrodt, Thomas"]
[Result "1/2-1/2"]
[WhiteElo "2268"]
[BlackElo "2300"]
[PlyCount "125"]

1. d4 Nf6 2. c4 e6 3. Bg5 c5 4. d5 h6 5. Bh4 Qb6 6. Bxf6 gxf6 7. Qc2 f5 8. Nc3
d6 9. Nf3 Na6 10. g3 Bd7 11. a3 Be7 12. Nd2 {=} 12... O-O-O 13. e3 Bf6 14. h4
Nc7 15. Bh3 Qa5 16. O-O Rhg8 17. Kh2 Bxc3 18. bxc3 Ba4 19. Qb2 Rg6 20. Rab1 b6
21. Rfe1 Kb8 22. Rec1 Ne8 23. e4 fxe4 24. Nxe4 f5 25. Nd2 Ng7 26. dxe6 Rxe6 27.
Re1 Rde8 28. Rxe6 Rxe6 29. Nf3 Bc6 30. Bg2 Qa4 31. Qa2 Be4 32. Re1 Qc6 33. Re3
f4 34. Rxe4 fxg3+ 35. fxg3 Qxe4 36. Nd4 Qe3 37. Nxe6 Qxe6 38. Qd2 Nf5 39. Qd5
Qxd5 40. Bxd5 Ne3 41. Kh3 Kc7 42. g4 Kd7 43. a4 Nd1 44. g5 hxg5 45. h5 Ke7 46.
h6 Kf6 47. h7 Kg7 48. Bg8 Nxc3 49. Kg4 Ne4 50. Kf5 Nf6 51. Kxg5 Nxg8 52.
hxg8=Q+ Kxg8 53. Kf6 d5 54. cxd5 Kf8 55. d6 Ke8 56. Ke5 Kd7 57. Kd5 a5 58. Ke5
b5 59. axb5 a4 60. b6 a3 61. b7 a2 62. b8=Q a1=Q+ 63. Kf5 1/2-1/2

[Event "74. Deutsche Meisterschaft"]
[Site "Saarbruecken"]
[Date "2002.11.29"]
[Round "8"]
[White "Gutman, Lev"]
[Black "Naiditsch, Arkadij"]
[Result "1-0"]
[WhiteElo "2476"]
[BlackElo "2586"]
[PlyCount "79"]
[EventDate "31.??.??"]

1. Nf3 Nf6 2. g3 d5 3. Bg2 Bf5 4. O-O e6 5. d3 Be7 6. c4 c6 7. Qb3 Qc8 8. Nd4
Bg6 9. cxd5 exd5 10. e4 O-O 11. Nc3 Na6 12. exd5 Nc5 13. Qd1 Nxd5 14. Nxd5 cxd5
15. Be3 Qd7 16. h4 Bxd3 17. Re1 Ba6 18. Qh5 Nd3 19. Red1 Rad8 20. Rd2 g6 21.
Qd1 Ne5 22. Nc2 Qf5 23. Bxa7 Nc4 24. Ne3 Nxe3 25. Bxe3 Bf6 26. Bd4 Rfe8 27. Qf3
Kg7 28. Qxf5 gxf5 29. b3 f4 30. gxf4 Re2 31. Rad1 Rde8 32. Rxe2 Rxe2 33. a4 Re6
34. Bxd5 Rd6 35. Be5 Bxe5 36. fxe5 Rg6+ 37. Kh2 Rg4 38. Rg1 Rxg1 39. Kxg1 Kg6
40. Be4+ 1-0

[Event "74. Deutsche Meisterschaft"]
[Site "Saarbruecken"]
[Date "2002.11.29"]
[Round "8"]
[White "Huebner, Robert"]
[Black "Luther, Thomas"]
[Result "0-1"]
[WhiteElo "2640"]
[BlackElo "2538"]
[PlyCount "92"]

1. c4 c6 2. e4 d5 3. exd5 Nf6 4. Qa4 e6 5. dxe6 Bc5 6. Nf3 Ng4 7. d4 Bxd4 8.
Nxd4 Qxd4 9. Qc2 Na6 10. Na3 Bxe6 11. h3 Nb4 12. Qd2 Qe4+ 13. Be2 Qxg2 14. Rf1
Nh2 15. Qxb4 O-O-O 16. Nb5 cxb5 17. Bf4 Qxf1+ 18. Bxf1 Nf3+ 19. Ke2 Nd4+ 20.
Kd2 Nc6+ 21. Qd6 Rxd6+ 22. Bxd6 Bxc4 23. Kc3 Rd8 24. Bf4 Bxf1 25. Rxf1 b4+ 26.
Kc2 Rd5 27. Be3 Kd7 28. Rg1 g6 29. Rg4 a5 30. Rh4 h5 31. Rf4 f5 32. h4 b5 33.
Rf3 Nd4+ 34. Bxd4 Rxd4 35. Rd3 Rxd3 36. Kxd3 g5 37. hxg5 h4 38. Ke2 f4 39. f3
Ke6 40. Kf2 Kf5 41. Kg2 Kxg5 42. Kh3 Kh5 43. Kg2 Kg6 44. Kh2 Kf6 45. Kh3 Ke5
46. Kxh4 Kd4 0-1

[Event "74. Deutsche Meisterschaft"]
[Site "Saarbruecken"]
[Date "2002.11.29"]
[Round "8"]
[White "Kritz, Leonid"]
[Black "Graf, Alexander"]
[Result "0-1"]
[WhiteElo "2476"]
[BlackElo "2635"]
[PlyCount "80"]

1. e4 c5 2. Nf3 e6 3. d4 cxd4 4. Nxd4 Nf6 5. Nc3 d6 6. Be3 a6 7. f3 b5 8. g4
Nfd7 9. Qd2 Bb7 10. O-O-O Nb6 11. Nb3 N8d7 12. Na5 Qc7 13. Ne2 Rc8 14. Nd4 d5
15. Bf4 e5 16. Bg3 Ba8 17. Bd3 Nc4 18. Bxc4 bxc4 19. exd5 c3 20. Qe2 Bxd5 21.
Nab3 cxb2+ 22. Kb1 f6 23. g5 Be7 24. Rhe1 O-O 25. Nf5 Nb6 26. Rg1 Kh8 27. Nxe7
Qxe7 28. gxf6 gxf6 29. Be1 Be6 30. Kxb2 Na4+ 31. Ka1 Qa3 32. Rb1 Bf5 33. Rg2
Rxc2 34. Qxc2 Bxc2 35. Rxc2 Nb6 36. Rc5 Rc8 37. Ra5 Na4 38. Nc5 Rxc5 39. Bb4
Qd3 40. Rxa4 Qd4+ 0-1

[Event "74. Deutsche Meisterschaft"]
[Site "Saarbruecken"]
[Date "2002.11.29"]
[Round "8"]
[White "Jussupov, Artur"]
[Black "Bischoff, Klaus"]
[Result "1/2-1/2"]
[WhiteElo "2621"]
[BlackElo "2554"]
[PlyCount "66"]

1. d4 Nf6 2. Nf3 e6 3. e3 b6 4. Bd3 Bb7 5. O-O c5 6. c4 cxd4 7. exd4 Bxf3 8.
Qxf3 Nc6 9. d5 Ne5 10. Qe2 Nxd3 11. Qxd3 Rc8 12. Nc3 Bb4 13. Bd2 O-O 14. a3
Bxc3 15. Bxc3 exd5 16. cxd5 Rc5 17. Qf3 d6 18. Rfe1 Ne8 19. Rad1 Rc7 20. Qg3 f6
21. a4 Rd7 22. h4 Rff7 23. h5 h6 24. Re6 Nc7 25. Bb4 Ne8 26. Bd2 Kh8 27. f4 Nc7
28. Bc3 Rf8 29. f5 Nxe6 30. dxe6 Rc7 31. Rxd6 Qe7 32. Qd3 Rfc8 33. Rd5 Qe8
1/2-1/2

[Event "74. Deutsche Meisterschaft"]
[Site "Saarbruecken"]
[Date "2002.11.29"]
[Round "8"]
[White "Gustafsson, Jan"]
[Black "Handke, Florian"]
[Result "0-1"]
[WhiteElo "2554"]
[BlackElo "2504"]
[PlyCount "74"]

1. d4 Nf6 2. c4 e6 3. Nc3 Bb4 4. e3 O-O 5. Nge2 d5 6. a3 Be7 7. cxd5 exd5 8. b4
c6 9. Ng3 b5 10. Bd3 a5 11. Rb1 axb4 12. axb4 Na6 13. Na2 Nc5 14. dxc5 Rxa2 15.
Bb2 Be6 16. Ne2 Ne4 17. Nd4 Bxc5 18. bxc5 Qa5+ 19. Kf1 Nd2+ 20. Ke2 Nxb1 21.
Qxb1 Qa3 22. Kf3 Rxb2 23. Qc1 Bd7 24. Bf5 Bxf5 25. Nxf5 Re8 26. Nd4 Ra2 27. Qb1
Rxf2+ 28. Kxf2 Qxe3+ 29. Kf1 Qxd4 30. h4 Ra8 31. Ke2 Re8+ 32. Kf1 Ra8 33. Ke2
Qc4+ 34. Kf2 Qxc5+ 35. Kg3 Qd6+ 36. Kf2 Qc5+ 37. Kg3 Ra3+ 0-1

[Event "74. Deutsche Meisterschaft"]
[Site "Saarbruecken"]
[Date "2002.11.29"]
[Round "8"]
[White "Becking, Stephan"]
[Black "Dautov, Rustem"]
[Result "0-1"]
[WhiteElo "2315"]
[BlackElo "2617"]
[PlyCount "74"]

1. e4 c6 2. d4 d5 3. e5 Bf5 4. Nf3 e6 5. Be2 Nd7 6. O-O Bg6 7. b3 Nh6 8. c4 Nf5
9. Ba3 Bxa3 10. Nxa3 O-O 11. Nc2 Qe7 12. Qd2 dxc4 13. Bxc4 Rfd8 14. Ne3 Nb6 15.
Nxf5 Bxf5 16. Rac1 Bg4 17. Be2 Rd7 18. Rfd1 Rad8 19. Qa5 Nc8 20. Qc3 Qa3 21.
Rc2 Ne7 22. h3 Bxf3 23. Bxf3 Nf5 24. Rcd2 a5 25. Be4 Ne7 26. Qc2 g6 27. h4 h5
28. Rd3 Qb4 29. Qb2 Nf5 30. Bxf5 exf5 31. a3 Qe7 32. g3 Rd5 33. R3d2 f4 34. Qc3
fxg3 35. fxg3 Qxa3 36. Rf2 Rxe5 37. Qf3 Rf5 0-1

[Event "74. Deutsche Meisterschaft"]
[Site "Saarbruecken"]
[Date "2002.11.29"]
[Round "8"]
[White "Mueller, Karsten"]
[Black "Holzhaeuer, Mathias"]
[Result "1-0"]
[WhiteElo "2518"]
[BlackElo "2407"]
[PlyCount "65"]

1. e4 d5 2. exd5 Nf6 3. d4 Bg4 4. Nf3 Qxd5 5. Nc3 Qf5 6. Bd3 Qh5 7. Bf4 Nc6 8.
Bb5 Bxf3 9. gxf3 O-O-O 10. Bxc6 bxc6 11. Qd3 Kb7 12. O-O-O Qa5 13. Rhg1 e6 14.
Be5 Ne8 15. Qc4 Rg8 16. Ne4 Qb5 17. Qc3 Be7 18. Rd3 Nf6 19. Qd2 Kc8 20. Kb1 Nd7
21. Rb3 Qa6 22. Bg3 e5 23. dxe5 Nxe5 24. Qf4 f6 25. Qf5+ Nd7 26. Rd1 g6 27. Qe6
Rge8 28. Rbd3 Bd6 29. Qxd6 cxd6 30. Nxd6+ Kc7 31. Nxe8+ Kb6 32. Rb3+ Kc5 33.
Bd6+ 1-0

[Event "74. Deutsche Meisterschaft"]
[Site "Saarbruecken"]
[Date "2002.11.29"]
[Round "8"]
[White "Kalinitschew, Sergej"]
[Black "Zeller, Frank"]
[Result "1-0"]
[WhiteElo "2485"]
[BlackElo "2454"]
[PlyCount "55"]

1. d4 Nf6 2. Nf3 e6 3. c4 c5 4. d5 exd5 5. cxd5 d6 6. e4 g6 7. Bd3 Bg7 8. O-O
O-O 9. h3 b5 10. Re1 Re8 11. a4 c4 12. Bf1 b4 13. Bxc4 Nxe4 14. Bb5 Bd7 15.
Nbd2 Nf6 16. Nc4 Qc7 17. Rxe8+ Bxe8 18. Qb3 Nbd7 19. Qxb4 Nc5 20. Ne3 Qb7 21.
Qc4 a6 22. Bc6 Bxc6 23. dxc6 Qb6 24. b4 Nce4 25. a5 Qa7 26. Bb2 d5 27. Qd4 Qc7
28. Nxd5 1-0

[Event "74. Deutsche Meisterschaft"]
[Site "Saarbruecken"]
[Date "2002.11.29"]
[Round "8"]
[White "Tischbierek, Raj"]
[Black "Schmidt, Harald"]
[Result "1-0"]
[WhiteElo "2523"]
[BlackElo "2332"]
[PlyCount "67"]

1. e4 d6 2. d4 Nf6 3. Nc3 g6 4. Be3 Bg7 5. Qd2 c6 6. h3 Nbd7 7. Nf3 e5 8. Bd3
O-O 9. O-O Re8 10. Rfe1 Qc7 11. a4 Nf8 12. Rad1 Bd7 13. Bc4 b5 14. axb5 cxb5
15. Bxb5 Bxb5 16. Nxb5 Qc6 17. Qa5 Red8 18. Bg5 exd4 19. Nc7 Nxe4 20. Bxd8 Rxd8
21. Nxd4 Qb7 22. Nd5 Re8 23. Qb5 Qxb5 24. Nxb5 Bxb2 25. Nbc7 Re5 26. f4 Rxd5
27. Rxd5 Ng3 28. Rxd6 h5 29. c4 a5 30. c5 a4 31. Nb5 a3 32. Ra6 Ne6 33. c6 h4
34. Rxe6 1-0

[Event "74. Deutsche Meisterschaft"]
[Site "Saarbruecken"]
[Date "2002.11.29"]
[Round "8"]
[White "Siebrecht, Sebastian"]
[Black "Baramidze, David"]
[Result "1-0"]
[WhiteElo "2426"]
[BlackElo "2390"]
[PlyCount "37"]

1. d4 d5 2. Nf3 e6 3. g3 Bd6 4. Bg2 f5 5. b3 Nf6 6. Ba3 Qe7 7. Bxd6 cxd6 8. c4
Nbd7 9. O-O b6 10. Nc3 Ne4 11. Nb5 Ndf6 12. cxd5 Ba6 13. Qd3 O-O 14. dxe6 Rac8
15. a4 Rc3 16. Qd1 Bxb5 17. axb5 Qxe6 18. d5 Nxd5 19. Ng5 1-0